000 01558cam a22003857a 4500
003 CHAP
005 20240517095617.0
008 050822d2004 mx r 00110 spa d
010 _a90735
011 _a91707
020 _a9685778124
035 _a102268
040 _cCHAP
082 0 4 _a370.83
_bM49
110 2 _aMéxico. Secretaría de Educación Pública
_977166
245 1 0 _aSistema educativo de los Estados Unidos Mexicanos principales cifras
_c/por Secretaría de Educación Pública
260 _aMéxico, D. F. :
_bSecretaría de Educación Pública,
_c2004-
300 _av. :
_bgráfs.
500 _aLa biblioteca tiene : ciclo escolar 2003-2004; ciclo escolar 2006-2007(Contiene CD); ciclo escolar 2007-2008 (Contiene CD)
590 _aBATCH-UPD
_b10
_c20130110
590 _aBATCH-UPD
_b10
_c20130410
590 _aBATCH-UPD
_b10
_c20130914
590 _aCONVERSION
_b10
_c20130109
650 1 4 _aEducación
_xEstadísticas
_zMéxico.
_935442
650 1 4 _aEducación
_xMéxico.
_935466
650 1 4 _aPolítica educativa
_zMéxico.
_990561
901 _aBK
905 _aLilia
942 _cLIBRO
_2ddc
949 _a370.83 M49
_bBC
_cC
_d33724000976734
_eC
_f2003-2004
_h106547
_i102268
_sb
949 _a370.83 M49
_bBC
_cC
_d33724002130306
_eC
_f2007-2008 c.2
_gI.c/e
_h111383
_i102268
_st
949 _a370.83 M49
_bBC
_cC
_d33724002130347
_eC
_f2007-2008
_gI.c/e
_h111382
_i102268
_st
949 _a370.83 M49
_bBC
_cC
_d33724002176520
_eC
_f2006-2007 c.2
_h113439
_i102268
_sb
949 _a370.83 M49
_bBC
_cC
_d33724002176561
_eC
_f2006-2007
_h113438
_i102268
_sb
999 _c90735
_d90735